Guess the songs by the emojis - Statistics

General Stats
  • This quiz has been taken 91 times
  • The average score is 8 of 13
Answer Stats
Hint Answer % Correct
πŸ‘» Ghost
93%
🟣🌧 Purple rain
93%
🌻 Sunflower
89%
πŸ’πŸ’πŸ’πŸ’πŸ’πŸ’πŸ’ 7 rings
83%
πŸ‘©πŸ”₯ Girl on fire
72%
πŸŒŠπŸ‘€ Ocean eyes
71%
🟨 Yellow
69%
πŸ¦πŸ•ŠπŸͺΆ Birds of a feather
47%
πŸŒ‘β„β€ Cold heart
45%
πŸ§“πŸ™πŸ›£ Old town road
44%
πŸŽΈπŸ€ŸπŸ”„πŸŽ„ Rockin’ around the christmas tree
41%
πŸ•ΊπŸΌβ¬› Dancing in the dark
11%
πŸ‘¨β€πŸ‘©β€πŸ‘§β€πŸ‘§πŸ€πŸ‘¨β€πŸ‘©β€πŸ‘§β€πŸ‘§ People help the people
0%
No matching quizzes found
Score Distribution
Percent of People with Each Score
Percentile by Number Answered
Your Score History
You have not taken this quiz